000 01383cam a2200361 a 4500
001 2378
005 20231121140259.0
020 _a9781600400049 (hardcover : alk. paper)
020 _a9780545068383
020 _a9781600400056 (reinforced lib. bdg. : alk. paper)
040 _aDLC
_cDLC
_dDLC
_beng
050 0 0 _aPZ7.L9787155
_bPol 2007
082 0 0 _a599.786
_222
100 1 _aLumry, Amanda
245 1 0 _aPolar bear puzzle /
_cby Amanda Lumry & Laura Hurwitz.
250 _aFirst Scholastic paperback printing, January 2009
260 _aBellevue :
_bScholastic,
_c2007
300 _a33 pages :
_bcolor illustrations
_c25 x 28 cm
490 0 _aAdventures of Riley
500 _a"Smithsonian Institution"--Cover.
500 _a"Widlife Conservation Society"--Cover.
505 _aT
520 _aRiley, Uncle Max, Aunt Martha, and Cousin Alice meet in northern Canada, where they study and help polar bears that are wandering through towns while waiting for Hudson Bay to freeze over again so that they can hunt for seals.
521 1 _a860
_bLexile
521 1 _aT
_bRaz-Plus
650 1 _aPolar bears
_vFiction.
650 1 _aBears
_vFiction.
650 1 _aHuman-animal relationships
_vFiction.
650 1 _aAnimals
_zPolar regions
_vFiction.
700 1 _aHurwitz, Laura
_eCoauthor
906 _a7
_bcbc
_corignew
_d1
_eecip
_f20
_gy-gencatlg
942 _2ddc
_cBK
_n0
999 _c2378
_d2378